|
|
|
|
| LEADER |
01499nam a2200325 a 4500 |
| 001 |
7715 |
| 003 |
BD-DhAAL |
| 005 |
20151025095446.0 |
| 008 |
150708s2009 nyu 000 1 eng |
| 010 |
|
|
|a 2009016273
|
| 020 |
|
|
|a 9780007340569
|
| 020 |
|
|
|a 9780061728389 (acidfree paper)
|
| 020 |
|
|
|a 0061728381 (acidfree paper)
|
| 040 |
|
|
|a DLC
|c DLC
|d YDX
|d BTCTA
|d YDXCP
|d OCO
|d P@N
|d NTAUP
|d IHV
|d FN4
|d VP@
|d DLC
|d BD-DhAAL
|
| 050 |
0 |
0 |
|a PR6102.A525
|b S57 2009
|
| 082 |
0 |
0 |
|a 823/.92
|2 22
|
| 100 |
1 |
|
|a Bagshawe, Tilly.
|9 12943
|
| 245 |
1 |
0 |
|a Sidney Sheldon's Mistress of the game /
|c Tilly Bagshawe.
|
| 246 |
3 |
0 |
|a Mistress of the game
|
| 260 |
|
|
|a [New York] :
|a London :
|b William Morrow,
|b Happer,
|c 2009.
|
| 300 |
|
|
|a 520 p. ;
|c 18 cm.
|
| 500 |
|
|
|a Sequel to Sidney Sheldon's Master of the game.
|
| 520 |
|
|
|a The decendents of Kate Blackwell battle to carry on her powerful legacy. Each is determined to control Kruger-Brent, Ltd., the multibillion-dollar international corporation with holdings in diverse industries around the world. But only one can reign supreme.--From publisher's description.
|
| 650 |
|
0 |
|a Corporations
|v Fiction.
|9 12944
|
| 650 |
|
0 |
|a Families
|v Fiction.
|9 12945
|
| 655 |
|
7 |
|a Mystery fiction.
|2 gsafd
|9 6244
|
| 700 |
1 |
|
|a Sheldon, Sidney.
|t Master of the game.
|9 12946
|
| 942 |
|
|
|2 ddc
|c BK
|
| 999 |
|
|
|c 34975
|d 34975
|
| 952 |
|
|
|0 0
|1 0
|2 ddc
|4 0
|6 823_920000000000000_BAG
|7 0
|9 54835
|a SCL
|b SCL
|c GEN
|d 2015-07-08
|e Gift
|l 13
|m 44
|o 823.92 BAG
|p 3020007715
|r 2026-03-30
|s 2026-03-01
|t 1
|w 2015-07-08
|y BK
|